[Event "Daireaux U2200 2nd"]
[Site "Daireaux"]
[Date "2018.06.23"]
[Round "3.3"]
[White "Sapienza, Julian"]
[Black "Cruz, Tomas"]
[Result "1-0"]
[WhiteElo "2153"]
[BlackElo "1623"]
[PlyCount "69"]
[EventDate "2018.06.22"]
[EventType "swiss"]
[EventRounds "7"]
[EventCountry "ARG"]
[SourceTitle "EXT 2024"]
[Source "ChessBase"]
[SourceDate "2023.10.10"]
[SourceVersion "1"]
[SourceVersionDate "2023.10.10"]
[SourceQuality "1"]

1. e4 c6 2. Nf3 d5 3. Nc3 e6 4. e5 c5 5. d4 Nc6 6. Bg5 Be7 7. h4 cxd4 8. Nb5 f6 9. Bd3 a6 10. Nbxd4 Nxd4 11. Nxd4 fxg5 12. hxg5 Bxg5 13. Bxh7 Ne7 14. Qh5+ Kd7 15. Qxg5 Qf8 16. 0-0-0 b5 17. Qg4 Qf7 18. Rh3 g6 19. Rf3 Qxh7 20. Nxe6 Nf5 21. Ng5 Qg8 22. e6+ Ke7 23. Qb4+ Kf6 24. g4 Rh4 25. Qc3+ d4 26. Qxd4+ Kxg5 27. Qf4+ Kf6 28. Qg3 Rh8 29. g5+ Kxe6 30. Qc7 Qg7 31. Re1+ Kd5 32. Rd3+ Nd4 33. Qxg7 Rh4 34. Qe5+ Kc6 35. Rc3+ 1-0

[Event "Daireaux U2200 2nd"]
[Site "Daireaux"]
[Date "2018.06.22"]
[Round "1.3"]
[White "Lopez, Carlos"]
[Black "Cruz, Tomas"]
[Result "1/2-1/2"]
[WhiteElo "2047"]
[BlackElo "1623"]
[PlyCount "69"]
[EventDate "2018.06.22"]
[EventType "swiss"]
[EventRounds "7"]
[EventCountry "ARG"]
[SourceTitle "EXT 2024"]
[Source "ChessBase"]
[SourceDate "2023.10.10"]
[SourceVersion "1"]
[SourceVersionDate "2023.10.10"]
[SourceQuality "1"]

1. e4 c6 2. f4 d5 3. e5 e6 4. Nf3 c5 5. d4 Nc6 6. c3 Bd7 7. a3 Nh6 8. Bd3 c4 9. Bc2 Be7 10. 0-0 0-0 11. Ng5 g6 12. Be3 f6 13. Nf3 b5 14. h3 fxe5 15. fxe5 Nf5 16. Bf2 a5 17. Qe1 Rb8 18. g4 Ng7 19. Nbd2 b4 20. axb4 axb4 21. Rb1 b3 22. Bd1 Be8 23. Qe3 g5 24. Ra1 h6 25. Be2 Bg6 26. Bg3 h5 27. Ra6 Rc8 28. Rfa1 h4 29. Bh2 Ne8 30. Bf1 Ng7 31. Bg2 Bh7 32. Ne1 Qd7 33. Nef3 Qd8 34. Rf1 Bd3 35. Rfa1 1/2-1/2